00249nam a2200097 a 450000500170000000800410001705000180005810000180007624500340009444000230012820140414131959.0110214s19uu xx 00 eng d aFICbP22 2007 aParker, David aMy sister has a new computer. aFirst chapter book